[Event "JAM-ch (Women)"]
[Site "Kingston"]
[Date "2018.02.15"]
[Round "10"]
[White "Barrett, Ariel"]
[Black "Smith, Melisha"]
[Result "1-0"]
[WhiteElo "1701"]
[BlackElo "1673"]
[PlyCount "69"]
[EventDate "2018.02.02"]
[EventType "tourn"]
[EventRounds "11"]
[EventCountry "JAM"]
[SourceTitle "CBM 183 Extra"]
[Source "ChessBase"]
[SourceDate "2018.04.19"]
[SourceVersion "1"]
[SourceVersionDate "2018.04.19"]
[SourceQuality "1"]

1. c4 c6 2. e4 e6 3. Nc3 d5 4. exd5 cxd5 5. cxd5 exd5 6. Bb5+ Nc6 7. Qa4 Qd6 8. Nf3 Nf6 9. 0-0 Be7 10. d3 0-0 11. Bf4 Qc5 12. d4 Qb6 13. Rfe1 Bb4 14. a3 Bxc3 15. bxc3 a6 16. Bxc6 Qxc6 17. Qxc6 bxc6 18. Ne5 Ne4 19. Re3 Bb7 20. Rb1 Ra7 21. Rb6 Rc8 22. Nd7 Ba8 23. Nc5 Nd2 24. Rb8 h6 25. Rxc8+ Kh7 26. Bb8 Bb7 27. Rc7 Ra8 28. Rxb7 Nc4 29. Re1 Nxa3 30. Ra1 Nb5 31. Rxa6 Rxa6 32. Nxa6 Nxc3 33. Ba7 f6 34. Nb4 Ne2+ 35. Kf1 1-0

[Event "JAM-ch (Women)"]
[Site "Kingston"]
[Date "2018.02.09"]
[Round "6"]
[White "Smith, Melisha"]
[Black "Porter, Rochelle"]
[Result "0-1"]
[WhiteElo "1673"]
[BlackElo "1507"]
[PlyCount "82"]
[EventDate "2018.02.02"]
[EventType "tourn"]
[EventRounds "11"]
[EventCountry "JAM"]
[SourceTitle "CBM 183 Extra"]
[Source "ChessBase"]
[SourceDate "2018.04.19"]
[SourceVersion "1"]
[SourceVersionDate "2018.04.19"]
[SourceQuality "1"]

1. d4 d5 2. Nf3 e6 3. c4 c6 4. Qc2 Bd6 5. g3 f5 6. Ne5 Nf6 7. b3 0-0 8. Bg2 Nbd7 9. Nxd7 Bxd7 10. Nd2 Ne4 11. Nf3 Be8 12. Ne5 Bg6 13. Bf4 Re8 14. 0-0 Qe7 15. Rac1 Kh8 16. Nxg6+ hxg6 17. Bxd6 Qxd6 18. Qd3 Kg8 19. Rfd1 Red8 20. f3 Nf6 21. Qe3 Re8 22. Qg5 Kf7 23. c5 Qc7 24. Kf2 e5 25. Qd2 Re6 26. Re1 Rae8 27. e4 fxe4 28. fxe4 Qe7 29. Bh3 Nxe4+ 30. Rxe4 Rf6+ 31. Ke2 dxe4 32. dxe5 Qxe5 33. Bg2 e3 34. Qd7+ Re7 35. Qd3 Rf2+ 36. Ke1 Rxg2 37. Qc4+ Kf8 38. Rd1 Rg1+ 39. Ke2 Rxd1 40. Kxd1 e2+ 41. Ke1 Qa1+ 0-1

[Event "JAM-ch (Women)"]
[Site "Kingston"]
[Date "2018.02.07"]
[Round "5"]
[White "Kidd, Aulanni"]
[Black "Smith, Melisha"]
[Result "0-1"]
[WhiteElo "1478"]
[BlackElo "1673"]
[PlyCount "64"]
[EventDate "2018.02.02"]
[EventType "tourn"]
[EventRounds "11"]
[EventCountry "JAM"]
[SourceTitle "CBM 183 Extra"]
[Source "ChessBase"]
[SourceDate "2018.04.19"]
[SourceVersion "1"]
[SourceVersionDate "2018.04.19"]
[SourceQuality "1"]

1. d4 d5 2. Bf4 Nf6 3. e3 e6 4. Bd3 b6 5. Nd2 Ba6 6. Be2 Bxe2 7. Qxe2 Be7 8. Ngf3 0-0 9. Ne5 c5 10. c3 Qe8 11. 0-0 b5 12. Bg3 a5 13. a3 c4 14. f3 Na6 15. e4 b4 16. a4 Nh5 17. Rfe1 Nxg3 18. hxg3 Bd6 19. exd5 exd5 20. f4 Qc8 21. Kf2 Re8 22. Qf3 Qf5 23. Qxd5 Bxe5 24. Rxe5 Qc2 25. Ke1 bxc3 26. bxc3 Qxc3 27. Rb1 Nb4 28. Qxc4 Qxg3+ 29. Kd1 Qxf4 30. Rb5 Qg4+ 31. Kc1 Qxg2 32. Qc3 Na2+ 0-1

[Event "Kingston Chan Memorial op"]
[Site "Kingston"]
[Date "2017.09.23"]
[Round "3"]
[White "Smith, Melisha"]
[Black "Brown, Raehanna"]
[Result "1-0"]
[WhiteElo "1671"]
[BlackElo "1272"]
[PlyCount "117"]
[EventDate "2017.09.21"]
[EventType "swiss"]
[EventRounds "6"]
[EventCountry "JAM"]
[SourceTitle "EXT 2020"]
[Source "ChessBase"]
[SourceDate "2019.10.17"]
[SourceVersion "1"]
[SourceVersionDate "2019.10.17"]
[SourceQuality "1"]

1. d4 Nf6 2. Nf3 g6 3. c4 Bg7 4. Nc3 0-0 5. e4 d6 6. Be2 Nbd7 7. 0-0 e5 8. Ne1 exd4 9. Qxd4 Nc5 10. Qe3 Re8 11. f3 Ne6 12. Qf2 Nc5 13. Be3 Ncd7 14. Nd3 b6 15. a4 a5 16. Rab1 Ba6 17. Nf4 Bb7 18. Rfd1 Qc8 19. Nb5 Nc5 20. Nc3 Nfd7 21. Bd4 Ne5 22. Nfd5 Ba6 23. b3 Ne6 24. Be3 Nd7 25. Nb5 Bf8 26. Nd4 Ndc5 27. Nf6+ Kh8 28. Qh4 h5 29. Nxe8 Qxe8 30. Nxe6 Nxe6 31. Bc1 Kh7 32. Bb2 Bh6 33. Bf6 Qc6 34. Qf2 Nf4 35. Kh1 d5 36. Be5 dxc4 37. Bxc4 Bxc4 38. bxc4 Qxc4 39. Rd4 Qc5 40. Bxf4 Bxf4 41. Rbd1 Rd8 42. Qa2 Rxd4 43. Qxf7+ Kh6 44. Qxf4+ Kh7 45. Qf7+ Kh6 46. Qf4+ Kh7 47. Rxd4 Qxd4 48. Qxc7+ Kh6 49. Qc1+ Kh7 50. h3 Qxa4 51. Qc7+ Kh6 52. Qxb6 Qa1+ 53. Kh2 Qe5+ 54. Kg1 Qa1+ 55. Kf2 Qa2+ 56. Kg3 Qa3 57. Qf6 Qe3 58. Qf8+ Kg5 59. h4# 1-0

[Event "JAM-ch (Women) 35th"]
[Site "Kingston"]
[Date "2017.01.15"]
[Round "4"]
[White "Curwin, Nickaylah"]
[Black "Smith, Melisha"]
[Result "1/2-1/2"]
[WhiteElo "1320"]
[BlackElo "1702"]
[PlyCount "123"]
[EventDate "2017.01.07"]
[EventType "tourn"]
[EventRounds "9"]
[EventCountry "JAM"]
[SourceTitle "EXT 2020"]
[Source "ChessBase"]
[SourceDate "2019.10.17"]
[SourceVersion "1"]
[SourceVersionDate "2019.10.17"]
[SourceQuality "1"]

1. d4 d5 2. Nf3 c6 3. c4 dxc4 4. e3 b5 5. g3 Nf6 6. Bg2 Bg4 7. 0-0 e6 8. h3 Bh5 9. Nc3 Nd5 10. e4 Nxc3 11. bxc3 Be7 12. g4 Bg6 13. Ne5 a6 14. Nxg6 hxg6 15. d5 e5 16. dxc6 Qxd1 17. Rxd1 Nxc6 18. Be3 0-0 19. Kf1 Rad8 20. Bb6 Rxd1+ 21. Rxd1 Bd8 22. Bc5 Re8 23. Rd6 Nb8 24. Ke2 Be7 25. Rd5 Bxc5 26. Rxc5 Rd8 27. Rxe5 Nc6 28. Rd5 Kf8 29. Rxd8+ Nxd8 30. f4 Ke7 31. e5 Ke6 32. Ke3 g5 33. Ke4 Nc6 34. f5+ Kd7 35. Kd5 Ne7+ 36. Kc5 Kc7 37. e6 fxe6 38. fxe6 Ng6 39. a4 Nf4 40. e7 Nd3+ 41. Kd4 Kd7 42. e8Q+ Kxe8 43. axb5 axb5 44. Bc6+ Ke7 45. Bxb5 Nf4 46. Kxc4 Nxh3 47. Kc5 Nf2 48. Kb6 Nxg4 49. c4 Ne5 50. c5 g4 51. c6 Nxc6 52. Bxc6 g3 53. Kc5 Ke6 54. Kd4 Kf5 55. Ke3 Kg4 56. Bg2 g6 57. Ke4 Kg5 58. Kf3 Kh5 59. Kf4 g5+ 60. Kf3 g4+ 61. Kf4 Kh6 62. Kxg4 1/2-1/2

[Event "JAM-ch (Women) 35th"]
[Site "Kingston"]
[Date "2017.01.14"]
[Round "3"]
[White "Smith, Melisha"]
[Black "Blackwood, Ashanti"]
[Result "1-0"]
[WhiteElo "1702"]
[BlackElo "1553"]
[PlyCount "79"]
[EventDate "2017.01.07"]
[EventType "tourn"]
[EventRounds "9"]
[EventCountry "JAM"]
[SourceTitle "EXT 2020"]
[Source "ChessBase"]
[SourceDate "2019.10.17"]
[SourceVersion "1"]
[SourceVersionDate "2019.10.17"]
[SourceQuality "1"]

1. d4 Nf6 2. c4 e6 3. Nf3 d5 4. g3 b6 5. Bg2 Bb7 6. 0-0 c5 7. Nbd2 Bd6 8. dxc5 bxc5 9. cxd5 exd5 10. b3 0-0 11. Bb2 Nbd7 12. Qc2 Qc7 13. Rac1 Rfe8 14. e3 Rac8 15. Rfd1 h6 16. Nb1 Ne4 17. Nc3 Ndf6 18. Nb5 Qb6 19. Nxd6 Qxd6 20. Nd2 Nxd2 21. Rxd2 Red8 22. e4 Qe7 23. Bxf6 Qxf6 24. exd5 Qe5 25. Re2 Qd6 26. Rd1 Ba6 27. Re3 Re8 28. Rde1 Rxe3 29. Rxe3 Kf8 30. Qh7 f6 31. Bf3 Qc7 32. Qh8+ Kf7 33. Bh5+ g6 34. Qh7+ Kf8 35. Qxg6 Bb5 36. Qxf6+ Kg8 37. Re7 Qxe7 38. Qxe7 Rf8 39. Bg6 Rf3 40. d6 1-0

[Event "Olympiad Women-42"]
[Site "Baku"]
[Date "2016.09.12"]
[Round "10.4"]
[White "Smith, Melisha"]
[Black "Park, Sunwoo"]
[Result "1/2-1/2"]
[WhiteElo "1719"]
[BlackElo "1626"]
[PlyCount "86"]
[EventDate "2016.09.02"]
[EventType "team-swiss"]
[EventRounds "11"]
[EventCountry "AZE"]
[SourceTitle "CBM 174 Extra"]
[Source "ChessBase"]
[SourceDate "2016.10.10"]
[SourceVersion "1"]
[SourceVersionDate "2016.10.10"]
[SourceQuality "1"]
[WhiteTeam "Jamaica (W)"]
[BlackTeam "South Korea (W)"]
[WhiteTeamCountry "JAM"]
[BlackTeamCountry "KOR"]

1. d4 d5 2. c4 c6 3. Nc3 Nf6 4. Nf3 g6 5. e3 Bg7 6. b3 Nbd7 7. cxd5 cxd5 8. Bd3 0-0 9. 0-0 b6 10. Bb2 Bb7 11. Rc1 Rc8 12. Qe2 Nb8 13. Rc2 Nc6 14. a3 e6 15. Rfc1 Qe7 16. Nb1 Qd6 17. Ne5 Ne7 18. a4 Rxc2 19. Rxc2 Rc8 20. Ba3 Qd8 21. Qd1 Nc6 22. Nxc6 Rxc6 23. Rxc6 Bxc6 24. Qc2 Bb7 25. Nd2 Bf8 26. Bxf8 Kxf8 27. Nf3 Qc8 28. Qxc8+ Bxc8 29. Ne5 Bb7 30. f3 Ke7 31. Bb5 a6 32. Bd3 Nd7 33. Nxd7 Kxd7 34. Kf1 a5 35. Ke1 Kd6 36. f4 f6 37. Kd2 e5 38. Kc3 e4 39. Be2 Bc6 40. h4 f5 41. g4 Be8 42. g5 Kc7 43. Bf1 Kb7 1/2-1/2

[Event "Olympiad Women-42"]
[Site "Baku"]
[Date "2016.09.08"]
[Round "6.4"]
[White "Barbier, Astrid"]
[Black "Smith, Melisha"]
[Result "1-0"]
[WhiteElo "1825"]
[BlackElo "1719"]
[PlyCount "69"]
[EventDate "2016.09.02"]
[EventType "team-swiss"]
[EventRounds "11"]
[EventCountry "AZE"]
[SourceTitle "CBM 174 Extra"]
[Source "ChessBase"]
[SourceDate "2016.10.10"]
[SourceVersion "1"]
[SourceVersionDate "2016.10.10"]
[SourceQuality "1"]
[WhiteTeam "Belgium (W)"]
[BlackTeam "Jamaica (W)"]
[WhiteTeamCountry "BEL"]
[BlackTeamCountry "JAM"]

1. e4 c5 2. Nc3 d6 3. f4 e6 4. Nf3 Nc6 5. Bb5 Qc7 6. 0-0 g6 7. Qe1 Nge7 8. Bxc6+ bxc6 9. d3 Bg7 10. Qh4 d5 11. e5 Nf5 12. Qf2 d4 13. Ne4 Qe7 14. g4 Nh6 15. Qg2 Bb7 16. b3 0-0-0 17. Nfd2 Kb8 18. b4 cxb4 19. a3 c5 20. Bb2 Ng8 21. axb4 cxb4 22. Qf2 Qd7 23. Nc5 Qd5 24. Nxb7 Kxb7 25. Ra4 Bf8 26. Nb3 Bc5 27. Ra5 Rc8 28. Rfa1 Nh6 29. h3 Rhd8 30. Rb5+ Ka8 31. Nxc5 Rxc5 32. Rxb4 Rd7 33. Rxd4 Qb7 34. Rxd7 Qxb2 35. Raxa7+ 1-0

[Event "JAM-ch (Women)"]
[Site "Kingston"]
[Date "2015.07.25"]
[Round "6"]
[White "Smith, Melisha"]
[Black "Gray, Krishna"]
[Result "0-1"]
[WhiteElo "1746"]
[BlackElo "1706"]
[PlyCount "97"]
[EventDate "2015.07.18"]
[EventType "tourn"]
[EventRounds "10"]
[EventCountry "JAM"]
[SourceTitle "EXT 2018"]
[Source "ChessBase"]
[SourceDate "2017.10.13"]
[SourceVersion "1"]
[SourceVersionDate "2017.10.13"]
[SourceQuality "1"]

1. d4 Nf6 2. Nf3 d5 3. Bf4 e6 4. e3 Bd6 5. Ne5 Nbd7 6. Bd3 0-0 7. 0-0 c5 8. Nxf7 Rxf7 9. Bxd6 c4 10. Be2 Qb6 11. Ba3 Ne4 12. f3 Nd6 13. Bxd6 Qxd6 14. Nc3 Nf6 15. f4 a6 16. Bf3 b5 17. a3 Bd7 18. Ne2 a5 19. c3 Rb8 20. Qe1 b4 21. axb4 axb4 22. Ng3 bxc3 23. bxc3 Be8 24. Rb1 Rfb7 25. Rxb7 Rxb7 26. Qa1 Bg6 27. Rf2 Rb1+ 28. Rf1 Rxa1 29. Rxa1 Qb6 30. Ra8+ Kf7 31. Ne2 Ne4 32. h4 Qb2 33. h5 Bf5 34. g4 Nxc3 35. Ra7+ Kf8 36. Ra8+ Ke7 37. Ra7+ Kd8 38. Nxc3 Bd3 39. Nd1 Qc1 40. Kf2 Be4 41. Be2 c3 42. Rxg7 c2 43. Nc3 Qb2 44. Nxe4 dxe4 45. Rxh7 c1Q 46. Rh8+ Kd7 47. Rh7+ Kd6 48. Kg3 Qe1+ 49. Kh3 0-1

[Event "JAM-ch"]
[Site "Kingston"]
[Date "2015.01.31"]
[Round "9"]
[White "Wilson, Brandon"]
[Black "Smith, Melisha"]
[Result "1-0"]
[WhiteElo "2099"]
[BlackElo "1797"]
[PlyCount "73"]
[EventDate "2015.01.17"]
[EventType "tourn"]
[EventRounds "11"]
[EventCountry "JAM"]
[SourceTitle "CBM 164 Extra"]
[Source "ChessBase"]
[SourceDate "2015.03.02"]
[SourceVersion "1"]
[SourceVersionDate "2015.03.02"]
[SourceQuality "1"]

1. e4 c6 2. Bc4 d5 3. Bb3 dxe4 4. Qh5 g6 5. Qh4 Nf6 6. Nc3 Nbd7 7. Nxe4 Nxe4 8. Qxe4 Nf6 9. Qh4 Bg7 10. Nf3 0-0 11. d4 Bf5 12. Bh6 Rc8 13. 0-0 c5 14. dxc5 Rxc5 15. Rad1 Qc7 16. Bxg7 Kxg7 17. Nd4 Bg4 18. f3 Rh5 19. Qg3 Qxg3 20. hxg3 Bd7 21. Rfe1 Re8 22. Ne2 e5 23. Nc3 Rg5 24. Ne4 Nxe4 25. Rxd7 Nxg3 26. Rxf7+ Kh6 27. Rxb7 Rd8 28. Rb5 Rd2 29. Rbxe5 Nf5 30. R5e2 Rd4 31. c3 Rh4 32. g4 Kg7 33. Rg2 Nd6 34. Re7+ Kf8 35. Rd7 Nb5 36. Re2 h6 37. Rf7+ 1-0

[Event "Olympiad Women-41"]
[Site "Tromsoe"]
[Date "2014.08.14"]
[Round "11.3"]
[White "Smith, Melisha"]
[Black "Finnbogadottir, Tinna Kristin"]
[Result "0-1"]
[WhiteElo "1747"]
[BlackElo "1915"]
[PlyCount "120"]
[EventDate "2014.08.02"]
[EventType "team-swiss"]
[EventRounds "11"]
[EventCountry "NOR"]
[SourceTitle "CBM 162"]
[Source "ChessBase"]
[SourceDate "2014.09.17"]
[SourceVersion "1"]
[SourceVersionDate "2014.09.17"]
[SourceQuality "1"]
[WhiteTeam "Jamaica (W)"]
[BlackTeam "Iceland (W)"]
[WhiteTeamCountry "JAM"]
[BlackTeamCountry "ISL"]

1. d4 d5 2. Nf3 c6 3. Bf4 Qb6 4. Qc1 Nf6 5. e3 Bf5 6. Nbd2 e6 7. h3 Nbd7 8. Nh4 Bg6 9. Nxg6 hxg6 10. Bd3 Be7 11. 0-0 c5 12. c3 Bd6 13. Nf3 Bxf4 14. exf4 Nh5 15. a4 c4 16. Bc2 Qd6 17. Ne5 Nxe5 18. fxe5 Qe7 19. g4 Qh4 20. gxh5 Qxh3 21. Bd1 gxh5 22. Qg5 Rh6 23. Bc2 Qf3 24. Kh2 Kd7 25. a5 Rah8 26. Rae1 Qg4 27. Qxg4 hxg4+ 28. Kg3 Rh3+ 29. Kf4 Rf3+ 30. Kxg4 Rfh3 31. Bd1 f6 32. exf6 gxf6 33. Kf4 R8h4+ 34. Bg4 f5 35. Rg1 Rxg4+ 36. Rxg4 fxg4 37. Kxg4 Rh7 38. Kf3 Kd6 39. Rg1 Rf7+ 40. Ke3 Kc6 41. Ra1 Kb5 42. Rg1 Kxa5 43. Rg6 Re7 44. Rf6 Ka4 45. Kd2 Kb3 46. Kc1 a5 47. Rf8 b5 48. Ra8 b4 49. Rxa5 bxc3 50. Ra3+ Kb4 51. Rxc3 Rf7 52. f3 Rf4 53. Re3 Rxd4 54. Rxe6 Rf4 55. Re5 Kc5 56. Re3 d4 57. Ra3 Kb4 58. Kd2 c3+ 59. Kc2 d3+ 60. Kc1 d2+ 0-1

[Event "Olympiad Women-41"]
[Site "Tromsoe"]
[Date "2014.08.02"]
[Round "1.3"]
[White "Smith, Melisha"]
[Black "Hakimifard, Ghazal"]
[Result "0-1"]
[WhiteElo "1747"]
[BlackElo "2232"]
[PlyCount "78"]
[EventDate "2014.08.02"]
[EventType "team-swiss"]
[EventRounds "11"]
[EventCountry "NOR"]
[SourceTitle "CBM 162"]
[Source "ChessBase"]
[SourceDate "2014.09.17"]
[SourceVersion "1"]
[SourceVersionDate "2014.09.17"]
[SourceQuality "1"]
[WhiteTeam "Jamaica (W)"]
[BlackTeam "Iran (W)"]
[WhiteTeamCountry "JAM"]
[BlackTeamCountry "IRI"]

1. d4 Nf6 2. Nf3 e6 3. Bf4 b6 4. e3 Bb7 5. Bd3 Be7 6. Nbd2 c5 7. c3 0-0 8. h3 cxd4 9. exd4 d6 10. Qc2 Nbd7 11. 0-0 Qc7 12. Rae1 Rfe8 13. Ng5 Nf8 14. Re2 Rac8 15. Qb1 h6 16. Ngf3 a6 17. Rfe1 b5 18. Bh2 Nd5 19. Nf1 Nd7 20. N3d2 Bf8 21. f4 Red8 22. Nf3 N5f6 23. N1d2 Bd5 24. g4 Kh8 25. g5 Ng8 26. Bh7 g6 27. Bxg8 Kxg8 28. gxh6 Bxh6 29. Rg2 Nf8 30. h4 Kh8 31. Rg4 Nh7 32. Ng5 Nf6 33. Rg3 Re8 34. Rh3 Nh5 35. Re2 Bg7 36. Bg3 b4 37. Ngf3 bxc3 38. bxc3 Qxc3 39. Bf2 Nxf4 0-1

[Event "JAM-ch (Women)"]
[Site "Kingston"]
[Date "2014.04.12"]
[Round "2"]
[White "Smith, Melisha"]
[Black "Miller, Rachel"]
[Result "1-0"]
[WhiteElo "1750"]
[BlackElo "1750"]
[PlyCount "149"]
[EventDate "2014.04.06"]
[EventType "tourn"]
[EventRounds "10"]
[EventCountry "JAM"]
[SourceTitle "CBM 160 Extra"]
[Source "ChessBase"]
[SourceDate "2014.07.01"]
[SourceVersion "1"]
[SourceVersionDate "2014.07.01"]
[SourceQuality "1"]

1. c4 c5 2. Nc3 Nf6 3. g3 Nc6 4. Bg2 b6 5. Nf3 Bb7 6. 0-0 g6 7. d3 Bg7 8. a3 0-0 9. Rb1 Nh5 10. Bd2 Nd4 11. Qc1 Nb3 12. Qd1 Nxd2 13. Qxd2 Nf6 14. b4 Bc6 15. b5 Bb7 16. Ne5 Bxg2 17. Kxg2 Qc7 18. Nf3 Rfd8 19. Rfd1 d5 20. cxd5 Nxd5 21. Nxd5 Rxd5 22. Qa2 Rad8 23. Qc4 Qd7 24. a4 Rh5 25. h4 Rd5 26. Rh1 h5 27. Rbc1 Bf6 28. Rc2 Bg7 29. Ng5 e6 30. Nf3 Bh6 31. g4 hxg4 32. Qxg4 Rh5 33. Rc4 Qe7 34. Rh3 Bg7 35. Ng5 Rd5 36. f4 Bh6 37. Re3 Bxg5 38. hxg5 Kg7 39. Kf3 Rd8 40. Rc1 Rdh8 41. Rg1 Qb7+ 42. Kf2 Qd5 43. Qf3 Rh2+ 44. Rg2 Rh1 45. Qe4 Ra1 46. Rg1 Ra2 47. Kg2 Rxa4 48. Qxd5 exd5 49. Rb1 Rxf4 50. Kg3 Rf5 51. Ra1 Rxg5+ 52. Kf4 Rf5+ 53. Kg3 Kf6 54. Rxa7 Re5 55. Rxe5 Kxe5 56. Rxf7 Rh6 57. Re7+ Kd4 58. Re6 c4 59. dxc4 dxc4 60. Rxb6 Kc5 61. Rb8 Rh7 62. b6 Rg7 63. b7 Rc7 64. Rc8 Kb6 65. b8Q+ Rb7 66. Qxb7+ Kxb7 67. Rxc4 Kb6 68. e4 Kb5 69. Rc1 g5 70. e5 g4 71. e6 Kb6 72. e7 Kb7 73. e8Q Ka7 74. Qb5 Ka8 75. Ra1# 1-0

[Event "JAM-ch (Women)"]
[Site "Kingston"]
[Date "2013.08.17"]
[Round "6"]
[White "Smith, Melisha"]
[Black "Barrett, Ariel"]
[Result "1-0"]
[WhiteElo "1793"]
[BlackElo "1765"]
[PlyCount "81"]
[EventDate "2013.08.03"]
[EventType "tourn"]
[EventRounds "7"]
[EventCountry "JAM"]
[SourceTitle "EXT 2018"]
[Source "ChessBase"]
[SourceDate "2017.10.13"]
[SourceVersion "1"]
[SourceVersionDate "2017.10.13"]
[SourceQuality "1"]

1. d4 d5 2. Nf3 c6 3. Bf4 Nf6 4. e3 e6 5. Bd3 Nbd7 6. 0-0 Be7 7. h3 b6 8. Nbd2 Bb7 9. Ne5 0-0 10. Nxd7 Qxd7 11. Bh2 c5 12. c3 Rac8 13. Nf3 Bd6 14. Bxd6 Qxd6 15. Ne5 c4 16. Bc2 Ne4 17. f4 f6 18. Ng4 Qe7 19. Rf3 Nd6 20. h4 Qf7 21. Rg3 Kh8 22. h5 Rce8 23. Qd2 Bc8 24. Rf1 Ne4 25. Bxe4 dxe4 26. h6 b5 27. Nf2 g6 28. Nxe4 Qc7 29. Qf2 Kg8 30. Qe1 e5 31. fxe5 fxe5 32. Nf6+ Rxf6 33. Rxf6 exd4 34. cxd4 Bb7 35. Qf2 Bd5 36. Rfxg6+ hxg6 37. Rxg6+ Kh7 38. Rg7+ Qxg7 39. hxg7 Kxg7 40. Qg3+ Kf8 41. Qd6+ 1-0

[Event "JAM-ch (Women)"]
[Site "Kingston"]
[Date "2013.08.04"]
[Round "2"]
[White "Williams, Margoe"]
[Black "Smith, Melisha"]
[Result "0-1"]
[WhiteElo "1799"]
[BlackElo "1793"]
[PlyCount "94"]
[EventDate "2013.08.03"]
[EventType "tourn"]
[EventRounds "7"]
[EventCountry "JAM"]
[SourceTitle "EXT 2018"]
[Source "ChessBase"]
[SourceDate "2017.10.13"]
[SourceVersion "1"]
[SourceVersionDate "2017.10.13"]
[SourceQuality "1"]

1. d4 d5 2. c4 c6 3. Nc3 e6 4. Nf3 f5 5. Bf4 Nf6 6. e3 Nbd7 7. Be2 Be7 8. a3 0-0 9. c5 Ne4 10. Qc2 Ndf6 11. Ne5 Qe8 12. 0-0 g5 13. Nxe4 Nxe4 14. f3 gxf4 15. fxe4 fxe3 16. exf5 exf5 17. Rf3 f4 18. Bd3 Qh5 19. Raf1 Bg5 20. Qe2 Qh6 21. g4 Be6 22. Qg2 Qg7 23. Rh3 h6 24. Rhf3 Rae8 25. Qe2 Rf6 26. Qe1 h5 27. h3 hxg4 28. hxg4 Rh6 29. Qe2 Qh8 30. Qg2 Bf7 31. Re1 Ree6 32. b4 Rh4 33. Rexe3 fxe3 34. Nxf7 Qxd4 35. Be2 Rxg4 36. Rg3 Rxg3 37. Qxg3 Kxf7 38. Qc7+ Re7 39. Bh5+ Kf6 40. Qd6+ Re6 41. Qf8+ Ke5 42. Qg7+ Bf6 43. Qc7+ Ke4 44. Qh7+ Kf4 45. Qh6+ Ke5 46. Be2 Qf4 47. Qh5+ Qg5+ 0-1

[Event "Olympiad Women-40"]
[Site "Istanbul"]
[Date "2012.08.31"]
[Round "4.4"]
[White "Jorgensen, Carina Eilegaard"]
[Black "Smith, Melisha"]
[Result "1-0"]
[WhiteElo "2012"]
[BlackElo "1808"]
[PlyCount "93"]
[EventDate "2012.08.28"]
[EventType "team-swiss"]
[EventRounds "11"]
[EventCountry "TUR"]
[SourceTitle "CBM 150 Extra"]
[Source "ChessBase"]
[SourceDate "2012.10.19"]
[SourceVersion "1"]
[SourceVersionDate "2012.10.19"]
[SourceQuality "1"]
[WhiteTeam "Denmark (W)"]
[BlackTeam "Jamaica (W)"]
[WhiteTeamCountry "DEN"]
[BlackTeamCountry "JAM"]

1. c4 c6 2. g3 d5 3. Bg2 e6 4. Nf3 Nf6 5. 0-0 Bd6 6. b3 Nbd7 7. Bb2 0-0 8. d3 Qc7 9. Nbd2 Ne5 10. Rc1 Nxf3+ 11. Nxf3 Qb8 12. Qc2 e5 13. e4 dxe4 14. dxe4 Be6 15. c5 Bc7 16. Rfd1 Bg4 17. h3 Bh5 18. g4 Bg6 19. Nd2 Rd8 20. Qc3 Rd4 21. Qe3 Rd7 22. Nc4 Re7 23. Rd2 h6 24. Rcd1 Qf8 25. f3 Ne8 26. b4 f6 27. a3 Bf7 28. Bf1 g5 29. Kg2 Ng7 30. a4 Ne6 31. Nd6 Nf4+ 32. Kg3 Bxd6 33. cxd6 Rd7 34. b5 Rad8 35. Ba3 Be6 36. Qc3 h5 37. bxc6 bxc6 38. Qxc6 hxg4 39. hxg4 Qh6 40. Rh2 Qg6 41. Bb5 Rh7 42. Rdh1 Rxh2 43. Rxh2 Qf7 44. Qc7 Qxc7 45. dxc7 Rd1 46. Bc4 Rg1+ 47. Kf2 1-0